| 000 | 00956nac a22002777a 4500 | ||
|---|---|---|---|
| 001 | BR8103643 | ||
| 003 | BR-BrBNA | ||
| 005 | 20240105115011.0 | ||
| 008 | 230509b bl.|||m| |||| 00| 0 por d | ||
| 040 |
_aBR-BrBNA _bpor _cBiblioteca Nacional de Agricultura |
||
| 072 | _aF00 | ||
| 090 | _a1410 BR8103643 | ||
| 110 | 1 |
_aCooperativa Agropecuaria Mista do Oeste Ltda., Toledo, PR (Brasil) _92798 |
|
| 245 | 1 | _aFeijao: do plantio a colheita. Safra 81/82 [Phaseolus vulgaris; Pratica cultural; Praga de planta; Doenca de planta; Defensivo] | |
| 260 | 3 |
_aToledo, PR (Brasil): _c1981. |
|
| 300 | _a2 p. | ||
| 490 |
_aBoletim Tecnico - Cooperativa Agropecuaria Mista do Oeste Ltda. (Brazil) _vno. 3 _x |
||
| 650 | _aProducao vegetal | ||
| 650 | _aFeijao | ||
| 650 | _aPratica cultural | ||
| 650 | _aPraga de planta | ||
| 650 | _aDoenca de planta | ||
| 650 | _aDefensivo | ||
| 909 |
_a202312 _bLúcia Elande _c55 _dLúcia Elande |
||
| 942 |
_2AGRIS _n0 _cMS |
||
| 999 |
_c272482 _d272482 |
||